000
00307nam a22001337a 4500
020
_q
PB.
040
_c
FIZZA ISHAQ
082
_a
728.047
_b
JOH
100
_a
CORNER,JOHN.
_9
91208
245
_a
PASSIVE HOUSE DETAILS /
_c
JOHN CORNER.
260
_a
NEW YORK ;
_c
2018.
300
_a
316 P. ;
942
_2
ddc
_c
BK
999
_c
589371
_d
589371